LDR 00805nam a2200205 i 4500 001 000000156261 003 CaOOAMICUS 005 20260527145522.0 008 061130s1969 it u000 u ita u 040 $aSeMil$bita 245 10$a[19]: La Cina /$cPiero Corradini. 300 $aXV, 312 p., 38 c. di tav. 650 4$aCina - Storia.$0(OLS)http://semarc/subject/1392 700 1 $aCorradini, Piero.$0(OLS)http://semarc/name/23604 773 0 $tNuova storia universale dei popoli e delle civiltà .$dTorino : Unione Tipografico-Editrice Torinese, 1969-1986.$g19$w()16922 850 $aSeMil 852 $aSeMil$W1$xVenegono$y1$mSL1.G I 19$j272656$B108055$CSeMilBibl$Z2$F117935 $8I 961 $aOmaggio: Villa don Cesare 996 $6245$a[19]: La Cina$9(OLS)http://semarc/title/459944